Los manuscritos del Mar Muerto y los orígenes del cristianismo
I tiakina i:
| Kaituhi matua: | |
|---|---|
| Hōputu: | Pukapuka |
| Reo: | Pāniora |
| I whakaputaina: |
Buenos Aires
Criterio
1960
|
| Putanga: | 2a. ed |
| Ngā marau: | |
| Ngā Tūtohu: |
Tāpirihia he Tūtohu
Kāore He Tūtohu, Me noho koe te mea tuatahi ki te tūtohu i tēnei pūkete!
|
MARC
| LEADER | 00000cam a2200000 a 4500 | ||
|---|---|---|---|
| 001 | UCL4448 | ||
| 003 | CL-VaPUC | ||
| 008 | 040116e19600000AG |||||||||||||||||spa|d | ||
| 082 | 0 | 4 | |a 296.155 |b DAN |2 21 |
| 100 | 0 | |a Daniélou, Jean |e author |9 481972 | |
| 245 | 1 | 4 | |a Los manuscritos del Mar Muerto y los orígenes del cristianismo |
| 250 | |a 2a. ed | ||
| 300 | |a 113 p | ||
| 942 | |c BK | ||
| 945 | |d 20040116 00:00:00 |a vberengu | ||
| 260 | |a Buenos Aires |b Criterio |c 1960 | ||
| 650 | 0 | |a Manuscritos del Mar Muerto |9 315866 | |
| 650 | 7 | |a CRISTIANISMO ORIGEN |2 CL-VaPUC |9 315867 | |
| 650 | 0 | |a Comunidad qumrán |9 313681 | |
| 583 | |a last modification |c 20140714 09:31:57 |k Rodrigo Vera | ||
| 999 | |c 307277 |d 307275 | ||
| 952 | |0 0 |1 0 |4 0 |6 296_155000000000000_DAN_1960 |7 0 |8 A |9 373056 |a BIBTEO |b BIBTEO |d 2019-11-21 |i 2101793 |o 296.155 DAN 1960 |p 2101793 |r 2025-01-17 |w 2019-11-21 |y BK |k ICR | ||